| 000 | 00397nam a2200145Ia 4500 | ||
|---|---|---|---|
| 008 | 230917s9999||||xx |||||||||||||| ||und|| | ||
| 040 |
_e169634 _aMAIN |
||
| 041 | _aEnglish | ||
| 082 | _a658.3 N213B:D | ||
| 100 | _aBanerjee, R | ||
| 245 | 0 | _aDevelopment of the personnel function in India | |
| 260 |
_aCulcutta _bNational Instiute of Personnel Management _c1982 |
||
| 300 | _a24 p. | ||
| 942 | _cBK | ||
| 999 |
_c92063 _d92063 |
||